000 00881nam1a22002531i 4500
001 rc\175970
005 20241114164622.0
021 _aRU
_b95-2490
035 _a(NLR Aleph) 005617314
090 _a6465632
_c6465632
100 _a20030307d1994 k y0rusy50 ca
101 0 _arus
102 _aRU
105 _ay j||||||||
200 1 _aДиагностика и лечение аллергических заболеваний у детей
_fПотемкина А.М.
210 _aКазань
_d1994
606 _aАллергические болезни у детей
_9942176
_3RU\NLR\AUTH\6630139
686 1 _aР733.41,2
700 1 _7ca
_8rus
_aПотемкина
_bА. М.
_f1933-
_gАделаида Матиновна
_9224757
_3RU\NLR\AUTH\770224813
801 0 _aRU
_bNLR
_gpsbo
801 1 _aRU
_bELAR
_2rusmarc
852 _aNLR
_jDesideratum
942 _cBOOK